000 00332 a2200157 4500
001 185120
020 _a978-85-08-11123-7
040 _cMagnum
100 _aJunqueira, Sonia
240 1 0 _aA onça e a anta
_lpor
245 1 0 _aA onça e a anta
300 _a24
362 0 _a2010
697 _aLITERATURA INFANTIL
942 _cBK
999 _c185120
_d185120